| 000 | 01130nam a22002537a 4500 | ||
|---|---|---|---|
| 005 | 20170124103110.0 | ||
| 010 | _aB-075638 | ||
| 020 | _c00.00 | ||
| 035 | _aB-075638 | ||
| 037 | _bCen Lib/Ret | ||
| 040 |
_aDPL _bHN |
||
| 082 |
_a158.1 _bचौधरी |
||
| 100 |
_aचौधरी, अरिंदम _979363 |
||
| 245 |
_aखुदी को कर बुलंद इतना / _cअरिंदम चौधरी |
||
| 246 |
_aKhudi ko kar buland itna / _bby Arindam Choudhary |
||
| 260 |
_aनयी दिल्ली _bविकास पब्लिशिंग हाउस _c2002 |
||
| 270 |
_a576, मस्जिद रोड, जंगपुरा _bनयी दिल्ली _e110014 |
||
| 300 |
_axiii, 206पृ. _c21सेमी (सजिल्द) |
||
| 650 |
_aसमृद्ध जीवन--उन्नति और सफलता _979364 |
||
| 650 |
_aसकारात्मक सोच--विचार _979365 |
||
| 650 |
_aRich life - Growth and Success _979366 |
||
| 650 |
_aPositive thinking--Idea _979367 |
||
| 942 |
_2ddc _cHN _h158.1 _mचौधरी |
||
| 999 |
_c118305 _d118305 |
||